Lexical cohesion in chemistry texts : an exploration into systemic - semantic relations /
Saved in:
| Main Author: | |
|---|---|
| Format: | Thesis Book |
| Language: | English |
| Published: |
1996.
|
| Subjects: | |
| Online Access: | http://studentsrepo.um.edu.my/id/eprint/1122 |
| Tags: |
Add Tag
No Tags, Be the first to tag this record!
|
| LEADER | 01309cam a2200313 a 4500 | ||
|---|---|---|---|
| 001 | u400391 | ||
| 003 | SIRSI | ||
| 008 | 951115s1996 my a t 00 eng m | ||
| 035 | |a ACA-8390 | ||
| 040 | |a UMM |d UMB | ||
| 090 | |a P302.2 |b Sri | ||
| 091 | |a Microfiche 14133 | ||
| 093 | |a P326 |b Sri | ||
| 100 | 0 | 0 | |a Sridevi Sriniwass. |
| 245 | 1 | 0 | |a Lexical cohesion in chemistry texts : |b an exploration into systemic - semantic relations / |c Sridevi a/p Sriniwass. |
| 260 | |c 1996. | ||
| 300 | |a x, 337 leaves [append.] : |b ill. ; |c 29 cm. | ||
| 500 | |a Microfiche. Kuala Lumpur : University of Malaya Library, 1999. 4 fiches : negative ; 11 x 15 cm. | ||
| 502 | |a Dissertation (M.E.S.L.) -- Fakulti Bahasa dan Linguistik, Universiti Malaya, 1996. | ||
| 504 | |a Bibliography : leaves 168-172. | ||
| 650 | 0 | |a Cohesion (Linguistics) | |
| 650 | 0 | |a English language |x Discourse analysis. | |
| 650 | 0 | |a English language |x Semantics. | |
| 710 | 2 | 0 | |a Universiti Malaya. |b Fakulti Bahasa dan Linguistik. |
| 856 | 4 | 1 | |u http://studentsrepo.um.edu.my/id/eprint/1122 |
| 948 | |a 03/08/1996 |b 12/06/2002 | ||
| 596 | |a 1 6 | ||
| 999 | |a P302.2 SRI |w LC |c 1 |i A506441112 |d 4/8/2010 |e 4/8/2010 |l STACKS |m P01UTAMA |n 27 |r Y |s Y |t TESIS |u 22/11/1996 | ||
| 999 | |a P326 SRI |w LC |c 1 |i A503691947 |d 29/8/2019 |e 29/8/2019 |l STACKS |m P06BAHASA |n 18 |r Y |s Y |t TESIS |u 6/8/1996 | ||
